000 00631nam a22001817a 4500
999 _c5975
_d5975
003 AR-CdUCM
008 190313b ||||| |||| 00| 0 spa d
040 _aMUNICIPALIDAD PROVINCIAL DEL CUSCO
_cBIBLIOTECA MUNICIPAL DEL CUSCO
082 _a985.21082 /
_bL 66.
245 _aFestival de Lima :
_bPoesía /
260 _aLima :
_bConcejo Provincial de Lima,
_c1959.
300 _a177 paginas
_c17 cm.
505 _aRodrigo de Valdéz -- El conde de la granja -- Pedro de peralta Barnuevo -- Numa P. LLona ...
650 _aPoesía peruana
_9806
650 _aPoesías de costumbres
_917513
942 _2ddc
_cLIBROS
945 _aAlvina